|
|
|
|
| LEADER |
00000nam a2200000 a 4500 |
| 001 |
vtls001484617 |
| 003 |
SK-MaSNL |
| 005 |
20260301074103.0 |
| 008 |
240226s2004 xo a g d 001 0 cze |
| 015 |
|
|
|a SNBA2006/06-03300
|
| 020 |
|
|
|a 8080462569
|q (viaz.)
|
| 035 |
|
|
|a SNK000439911
|
| 035 |
|
|
|a urn:nbn:sk:snk-am3h4hx
|
| 035 |
|
|
|a urn:nbn:sk:snk-am00cnf8
|
| 035 |
|
|
|a 1388447E-0CA3-4766-A8EF-B7976E63451B
|
| 040 |
|
|
|a SNK
|b slo
|c SNK
|e AACR2
|
| 041 |
1 |
|
|a cze
|h eng
|
| 044 |
|
|
|a xo
|c SK
|
| 072 |
|
7 |
|a 641
|x Kuchárstvo. Potraviny. Varené jedlá
|2 konspekt
|
| 080 |
|
|
|a 641.5
|x (083.12)
|2 2001
|
| 080 |
|
|
|a 641.143
|2 MDT-MRF
|
| 080 |
|
|
|a 664.654
|2 MDT-MRF
|
| 080 |
|
|
|a (083.12)
|2 MDT-MRF
|
| 080 |
|
|
|a 664.143
|2 MDT-MRF
|
| 240 |
1 |
4 |
|a The baker's bible. Over 350 recipes foor breads, tarts, cakes, cookies and pastries
|l Česky
|
| 245 |
0 |
0 |
|a Velká kniha o pečení
|b stovky skvělých receptů na dobroty z litého, kynutého, piškotového a křehkého těsta
|c sestavila: Deborah Grayová ; [z anglického originálu do češtiny přeložili Irena Citová ... [et al.]]
|
| 250 |
|
|
|a 1. vyd.
|
| 260 |
|
|
|a Bratislava
|b Perfekt
|c 2004
|
| 300 |
|
|
|a 463 s.
|b fareb. ilustr.
|c 29 cm
|
| 500 |
|
|
|a Fareb. fotogr. na front.
|
| 504 |
|
|
|a Reg. Slovník
|
| 650 |
0 |
7 |
|a cukrovinky
|2 SNKPH
|9 29750
|
| 650 |
0 |
7 |
|a múčniky
|2 SNKPH
|9 669
|
| 650 |
0 |
7 |
|a kysnuté cesto
|2 SNKPH
|9 396146
|
| 655 |
|
7 |
|a kuchárske recepty
|2 SNKPH
|9 70493
|
| 700 |
1 |
|
|a Gray, Deborah
|4 com
|9 396147
|
| 700 |
1 |
|
|a Citová, Irena
|4 trl
|9 66462
|
| 919 |
|
|
|a 80-8046-256-9
|
| 958 |
|
|
|a OP
|
| 968 |
|
|
|a ČES
|b ENG
|d 64
|
| 999 |
|
|
|c 646172
|d 648102
|
| 952 |
|
|
|t P60, <03>, [BOOK], {603}, -K-
|a SNK
|b SNK
|y PREZ
|7 0
|p 17A0450244
|o snkSB 69496
|i snkKSP 14081/2004
|0 0
|1 0
|4 0
|d 2004-11-04
|f 1
|l 0
|r 2025-04-23 00:00:00
|w 2026-02-23
|
| 952 |
|
|
|t P60, <04>, [BOOK], {604}
|a SNK
|b SNK
|y VYP
|7 0
|p 17A0450245
|o snkSB 69496 D1
|i snkKSP 14082/2004
|0 0
|1 0
|4 0
|d 2004-11-04
|l 0
|r 2005-01-02 00:00:00
|w 2026-02-23
|